[Event "IECC M-5406"]
[Site "IECC email"]
[Date "2006.01.17"]
[Round "?"]
[White "Bol, Hans"]
[Black "Ravijts, Peter"]
[Result "1-0"]
[WhiteElo "1149"]
[BlackElo "1223"]
[PlyCount "109"]
[EventDate "2006.??.??"]
[EventType "tourn (corr)"]
[EventRounds "10"]
[SourceTitle "Corr 2020"]
[Source "ChessBase"]
[SourceDate "2019.09.30"]
[SourceVersion "1"]
[SourceVersionDate "2019.09.30"]
[SourceQuality "1"]
[WhiteTeam "Hungary"]
[BlackTeam "Belgium"]
[WhiteTeamCountry "HUN"]
[BlackTeamCountry "BEL"]

1. e4 e5 2. f4 Bc5 3. Nf3 d6 4. Nc3 Nf6 5. Bc4 Nc6 6. d3 Bg4 7. Na4 0-0 8. c3 exf4 9. Nxc5 dxc5 10. Bxf4 Qe7 11. 0-0 Nd7 12. Qc1 Bxf3 13. Rxf3 Nde5 14. Rg3 Nxc4 15. Bh6 N4e5 16. Bxg7 Ng6 17. Qh6 f6 18. Bxf8 Rxf8 19. Rf1 Nce5 20. d4 cxd4 21. cxd4 Nc6 22. Qe3 Re8 23. d5 Nb4 24. Qb3 Qc5+ 25. Kh1 Rxe4 26. d6+ Kg7 27. Qf3 Re6 28. d7 Qe7 29. h4 Qxd7 30. h5 Qd5 31. hxg6 Qxf3 32. Rgxf3 hxg6 33. Rb3 c5 34. a3 Nc6 35. Rxb7+ Kh6 36. b4 cxb4 37. axb4 a5 38. b5 Nd4 39. b6 Ne2 40. Rf3 Kg5 41. Rb3 a4 42. Rb4 f5 43. Ra7 Re8 44. g3 Nxg3+ 45. Kg2 f4 46. Raxa4 Rf8 47. b7 Rb8 48. Ra8 Rxb7 49. Rxb7 Kg4 50. Re7 g5 51. Ra5 Nf5 52. Ree5 Ne3+ 53. Rxe3 fxe3 54. Re5 Kf4 55. Re8 1-0

[Event "IECC M-4976"]
[Site "IECC email"]
[Date "2004.03.12"]
[Round "?"]
[White "Ravijts, Peter"]
[Black "Baznik Wilson, Anthony J"]
[Result "1-0"]
[WhiteElo "1169"]
[BlackElo "963"]
[PlyCount "33"]
[EventDate "2004.??.??"]
[EventType "tourn (corr)"]
[EventRounds "10"]
[SourceTitle "Corr 2020"]
[Source "ChessBase"]
[SourceDate "2019.09.30"]
[SourceVersion "1"]
[SourceVersionDate "2019.09.30"]
[SourceQuality "1"]
[WhiteTeam "Belgium"]
[BlackTeam "United States"]
[WhiteTeamCountry "BEL"]
[BlackTeamCountry "USA"]

1. e4 Nf6 2. Nc3 e5 3. Nf3 Nc6 4. d4 d5 5. Bg5 Be7 6. dxe5 Nxe4 7. Nxe4 0-0 8. Bxe7 Qd7 9. Bxf8 Kxf8 10. Nc5 Qg4 11. c4 d4 12. h3 Qxg2 13. Bxg2 Nxe5 14. Nxe5 b5 15. Qh5 Be6 16. Nxe6+ fxe6 17. Qf7# 1-0